00985cam a2200277 a 450000100040000000500170000400800410002102000240006202000180008604000300010405000270013408200140016110000270017524500460020226000350024830000230028349000360030650000260034250500080036852001960037652100200057252100200059265000420061265000250065465000280067998920230815152425.0870421s1987 nyu j 000 1 eng  a0590339532 (pbk.) : a9780590251594 aDLCcDLCdOCoLCdDLCbeng00aPZ7.M3567585bMar 198700a[Fic]2191 aMartin, Ann M.,d1955-10aMary Anne saves the day /cAnn M. Martin. aNew York :bScholastic,c1987. a167 pages :c20 cm1 aThe Baby-sitters Club ;vBook 4 a"An Apple paperback." aP  aWhen a fight breaks out among the members of the Babysitters Club, timid Mary Anne finds herself becoming more assertive as a baby sitter and in her relationships with her father and friends. a630 bLexile  aP bRaz-Plus  1aBabysitters and babysittingxFiction. 1aFriendshipxFiction. 1aAssertivenessxFiction.